La philosophie de la nature : esai critique sux frontieres er son objet (Registro nro. 10468)

Detalles MARC
001 - NÚMERO DE CONTROL
campo de control 76422
005 - FECHA Y HORA DE LA ÚLTIMA TRANSACCIÓN
campo de control 20260428104631.0
008 - DATOS DE LONGITUD FIJA--INFORMACIÓN GENERAL
campo de control de longitud fija 960313s1920 fre
035 ## - NÚMERO DE CONTROL DEL SISTEMA
Número de control de sistema 76422
035 ## - NÚMERO DE CONTROL DEL SISTEMA
Número de control de sistema (OCoLC)778210777
040 ## - FUENTE DE LA CATALOGACIÓN
Centro/agencia transcriptor comduadb
041 ## - CÓDIGO DE LENGUA
Código de lengua del texto/banda sonora o título independiente fre
082 #4 - NÚMERO DE LA CLASIFICACIÓN DECIMAL DEWEY
Número de clasificación 113
100 10 - ENTRADA PRINCIPAL--NOMBRE DE PERSONA
Nombre de persona Maritain, Jacques,
Fechas asociadas al nombre 1882-1973
Código de función aut
Número de control del registro de autoridad o número normalizado (isni)0000 0001 2098 8923
-- (viaf)7393855
Término indicativo de función/relación Autor/a
9 (RLIN) 268872
245 10 - MENCIÓN DE TÍTULO
Título La philosophie de la nature : esai critique sux frontieres er son objet
250 ## - MENCIÓN DE EDICIÓN
Mención de edición 3. ED.
260 ## - PUBLICACIÓN, DISTRIBUCIÓN, ETC.
Lugar de publicación, distribución, etc. Francia :
Nombre del editor, distribuidor, etc. Pierre Tequi,
Fecha de publicación, distribución, etc. 1920.
300 ## - DESCRIPCIÓN FÍSICA
Extensión 146 páginas
650 #7 - PUNTO DE ACCESO ADICIONAL DE MATERIA--TÉRMINO DE MATERIA
Término de materia o nombre geográfico como elemento de entrada Filosofía de la naturaleza
Fuente del encabezamiento o término lemb
9 (RLIN) 177156
942 ## - ELEMENTOS DE ENTRADA AGREGADA (KOHA)
Tipo de ítem Koha Libros
Existencias
Estado de retiro Estado de pérdida Estado dañado No para préstamo Código de colección Localización permanente Ubicación/localización actual Fecha de adquisición Número de inventario Total de préstamos Signatura topográfica completa Código de barras Fecha visto por última vez Número de copia Precio válido a partir de Tipo de ítem Koha
        Colección Patrimonio Documental. Piso 4 Biblioteca Carlos Gaviria Díaz, Campus Medellín Biblioteca Carlos Gaviria Díaz, Campus Medellín 15/05/1998 C121860   113 M342p 61000002782775 20/04/2023 1 20/04/2023 Libros - Reserva